书目信息 |
| 题名: |
你的眼睛能看多远
|
|
| 作者: | 王宏甲 , 萧雨林 著 | |
| 分册: | ||
| 出版信息: | 武汉 长江少年儿童出版社 2019.12 |
|
| 页数: | 211页, [5] 页图版 | |
| 开本: | 23cm | |
| 丛书名: | ||
| 单 册: | ||
| 中图分类: | ||
| 科图分类: | ||
| 主题词: | 报告文学--中国--当代 , 报告文学--中国 , 传记文学--中国 | |
| 电子资源: | ||
| ISBN: | 978-7-5560-9873-6 | |
| 000 | 01153nam0 2200325 450 | |
| 001 | 2355231956 | |
| 005 | 20120619065100.12 | |
| 010 | @a978-7-5560-9873-6@dCNY38.00 | |
| 100 | @a20200428d2019 em y0chiy50 ea | |
| 101 | 0 | @achi |
| 102 | @aCN@b420000 | |
| 105 | @aaf z 000zb | |
| 106 | @ar | |
| 200 | 1 | @a你的眼睛能看多远@e“天眼”巨匠南仁东的故事@f王宏甲, 萧雨林著 |
| 210 | @a武汉@c长江少年儿童出版社@d2019.12 | |
| 215 | @a211页, [5] 页图版@c彩图@d23cm | |
| 314 | @a王宏甲, 毕业于北京师范大学研究生院文艺学专业。萧雨林, 中国报告文学学会会员。 | |
| 330 | @a本书生动地讲述了“天眼”巨匠南仁东的故事, 以及国之重器“中国天眼”的诞生历程。然而, 全书并不局限于“故事”本身, 而是着力于孩子—“你”的成长。人生并非输在起跑线上, 而总是赢在转折点上, 请重视人生的转折点。 | |
| 517 | 1 | @a“天眼”巨匠南仁东的故事 |
| 600 | 0 | @a南仁东,@f1945-2017@x传记 |
| 606 | 0 | @a报告文学@y中国@z当代 |
| 606 | 0 | @a报告文学@x中国 |
| 606 | 0 | @a传记文学@x中国 |
| 690 | @a@v5 | |
| 690 | @aK826.14=76@v5 | |
| 690 | @aI253.6@v4 | |
| 701 | 0 | @a王宏甲@4著 |
| 701 | 0 | @a萧雨林@4著 |
| 801 | 0 | @aCN@b安徽时代出版发行有限公司@c20200428 |
| 905 | @dI253.6@e1281 | |
| 你的眼睛能看多远:“天眼”巨匠南仁东的故事/王宏甲, 萧雨林著.-武汉:长江少年儿童出版社,2019.12 |
| 211页, [5] 页图版:彩图;23cm |
| ISBN 978-7-5560-9873-6:CNY38.00 |
| 本书生动地讲述了“天眼”巨匠南仁东的故事, 以及国之重器“中国天眼”的诞生历程。然而, 全书并不局限于“故事”本身, 而是着力于孩子—“你”的成长。人生并非输在起跑线上, 而总是赢在转折点上, 请重视人生的转折点。 |
| ● |
| 相关链接 |
|
|
|
|
正题名:你的眼睛能看多远
索取号:I253.6/1281
 
预约/预借
| 序号 | 登录号 | 条形码 | 馆藏地/架位号 | 状态 | 备注 |
| 1 | 1411772 | 214117720 | 第一样本阅览室/ [索取号:I253.6/1281] | 在馆 | |
| 2 | 1411773 | 214117739 | 第二借阅区/ [索取号:I253.6/1281] | 在馆 | |
| 3 | 1411774 | 214117748 | 第二借阅区/ [索取号:I253.6/1281] | 在馆 | |
| 4 | 1411775 | 214117757 | 第二借阅区/ [索取号:I253.6/1281] | 在馆 | |
| 5 | 1411776 | 214117766 | 第二借阅区/ [索取号:I253.6/1281] | 在馆 |